Statistics for Greek to roman gods

Click here to take the quiz!

General Stats

  • This quiz has been taken 265 times
  • The average score is 12 of 15

Answer Stats

GreekRoman% Correct
ZeusJupiter
98%
PoseidonNeptune
96%
AresMars
96%
AphroditeVenus
93%
HadesPluto
92%
HermesMercury
91%
CronosSaturn
81%
HeraJuno
75%
DionysusBacchus
72%
ArtemisDiana
72%
AthenaMinerva
71%
ApolloApollo
68%
HephaestusVulcan
63%
HestiaVesta
53%
DemeterCeres
50%

Score Distribution

Percentile by Number Answered

Percent of People with Each Score

Your Score History

You have not taken this quiz